000 01083cam a2200277 i 4500
999 _c46645
_d46645
001 20294
003 CO-MdFUSB
005 20180622073203.0
008 160923t2001 xxu||||| |||| 00| 0 eng d
020 _a0-8146-5952-7
040 _aCO-MdFUSB
_bEspañol
_cCO-MdFUSB
_dCO-MdFUSB
_erda
041 _aeng
082 _224
_aG 226.506
_bC718g
100 1 _aColoe, Mary L.
_eautor
245 1 0 _aGod dwells with us
_b:Temple symbolism in the fourth gospel
_c/Mary L. Coloe
264 4 _aCollegeville, Minnesota :
_bThe Liturgical Press,
_c©2001
300 _a252 páginas
336 _2rdacontent
_atexto
_btxt
337 _2rdamedia
_asin mediación
_bn
338 _2rdacarrier
_avolumen
_bnc
500 _aIncluye índices (p. 241-252)
501 _aRústico
505 0 0 _aEl prólogo -- La morada de Dios en Israel -- El templo de su cuerpo - El suplantador -- La presencia de Dios en el tabernáculo - El que está consagrado -- La casa de mi Padre -- Levantando el nuevo templo -- La morada de Dios
630 7 _aBiblia.
_vJuan
_xCrítica, interpretación, etc.
942 _cBK